000 00574nam a2200193Ia 4500
005 20250623115940.0
008 008 250623s9999 xx 000 0 eng d
020 _a978-81-9283309-5
037 _aTextbook
040 _aASTL
_beng
_cASTL
041 _aeng
_2eng
084 _qASTL
100 _aGovernment of India.
245 0 _aPolitcal Science Glossary (Rajneeti Vigyan Shabdwalli)
260 _aNew Delhi
_bCommission for Scientific and Technical Terminology
_c2016
650 _aAfrican StudiesPolitical Science
942 _cTB
999 _c1432303
_d1432303